[Event "Philadelphia opI"]
[White "Delaune, Richard K"]
[Black "Fishbein, Alexander"]
[Site "Philadelphia"]
[Round "2"]
[Result "1-0"]
[Date "1992.??.??"]
[WhiteElo "2355"]
[BlackElo "2495"]
[PlyCount "147"]
[EventDate "1992.??.??"]
[EventType "swiss"]
[EventRounds "9"]
[EventCountry "USA"]
[SourceTitle "TD"]
[Source "ChessBase"]
[SourceDate "1994.03.01"]
[SourceVersion "1"]
[SourceVersionDate "1994.03.01"]
[SourceQuality "1"]

1. c4 Nf6 2. Nc3 g6 3. e4 d6 4. d4 Bg7 5. f3 0-0 6. Bg5 c5 7. d5 e6 8. Qd2 exd5 9. cxd5 h6 10. Be3 h5 11. Be2 a6 12. a4 Re8 13. h4 Nbd7 14. Nh3 Ne5 15. Nf2 Rb8 16. 0-0 Nh7 17. g3 b5 18. axb5 axb5 19. Kg2 Bd7 20. Rfc1 Bh8 21. Ra7 b4 22. Ncd1 Ra8 23. Rca1 Rxa7 24. Rxa7 Qb8 25. Ra2 Bb5 26. b3 Qb7 27. Nb2 f5 28. Ra5 Bxe2 29. Qxe2 fxe4 30. fxe4 Nf6 31. Bf4 Neg4 32. Nc4 Nxf2 33. Nxd6 Qxd5 34. Nxe8 N6xe4 35. Nc7 Qf5 36. Qc4+ Kh7 37. Qe6 Nd3 38. Ra7 Nxf4+ 39. gxf4 Kh6 40. Qxf5 gxf5 41. Ra6+ Kh7 42. Ne6 Bc3 43. Rc6 Nd2 44. Nxc5 Kg7 45. Rb6 Kf7 46. Nd3 Nxb3 47. Nxb4 Bd2 48. Nd3 Nd4 49. Rd6 Be3 50. Rh6 Ne6 51. Kf3 Bd2 52. Ne5+ Ke7 53. Rh7+ Kf8 54. Rxh5 Kg7 55. Nd3 Bc3 56. Rxf5 Nd4+ 57. Kg4 Nxf5 58. Kxf5 Kh6 59. Kg4 Bd4 60. Ne5 Bc3 61. Nf7+ Kg6 62. Nd6 Bb2 63. Nf5 Bc1 64. h5+ Kf6 65. Ng3 Bb2 66. Ne4+ Kg7 67. Kg5 Bc1 68. Nf2 Be3 69. Ng4 Bc1 70. Kf5 Bd2 71. h6+ Kg8 72. Nf6+ Kh8 73. Ne4 Bc1 74. Ng5 1-0

[Event "Philadelphia opI"]
[White "Delaune, Richard K"]
[Black "Karklins, Andrew"]
[Site "Philadelphia"]
[Round "9"]
[Result "1-0"]
[Date "1992.??.??"]
[WhiteElo "2355"]
[BlackElo "2320"]
[PlyCount "69"]
[EventDate "1992.??.??"]
[EventType "swiss"]
[EventRounds "9"]
[EventCountry "USA"]
[SourceTitle "TD"]
[Source "ChessBase"]
[SourceDate "1994.03.01"]
[SourceVersion "1"]
[SourceVersionDate "1994.03.01"]
[SourceQuality "1"]

1. c4 Nf6 2. Nc3 g6 3. e4 d6 4. d4 Bg7 5. Be2 0-0 6. Bg5 Nc6 7. d5 Ne5 8. Nf3 h6 9. Bd2 Nfd7 10. Qc2 Nxf3+ 11. Bxf3 Ne5 12. Be2 f5 13. f4 Ng4 14. h3 Nf6 15. e5 dxe5 16. fxe5 Nd7 17. e6 Ne5 18. 0-0-0 c6 19. Rhe1 b5 20. Bf4 bxc4 21. Bxe5 Bxe5 22. dxc6 Qa5 23. Bxc4 Rb8 24. Bb3 Bg3 25. Rf1 Qe5 26. Rd5 Qe3+ 27. Kb1 Kg7 28. Rf3 Qe1+ 29. Rd1 Qe5 30. Nd5 Bh4 31. g3 Bxg3 32. Re3 Qd6 33. Qc3+ Kh7 34. Rxg3 Bxe6 35. Nf6+ 1-0

[Event "World op 20th"]
[White "Delaune, Richard K"]
[Black "Paschall, William M"]
[Site "Philadelphia"]
[Round "3"]
[Result "1-0"]
[Date "1992.??.??"]
[WhiteElo "2355"]
[BlackElo "2330"]
[PlyCount "65"]
[EventDate "1992.06.??"]
[EventType "swiss"]
[EventRounds "9"]
[EventCountry "USA"]
[SourceTitle "TD"]
[Source "ChessBase"]
[SourceDate "1994.03.01"]
[SourceVersion "1"]
[SourceVersionDate "1994.03.01"]
[SourceQuality "1"]

1. c4 e5 2. Nc3 Bb4 3. Nd5 Ba5 4. b4 c6 5. bxa5 cxd5 6. cxd5 Qxa5 7. e4 Nf6 8. f3 d6 9. Ne2 0-0 10. Bb2 Nbd7 11. Ng3 Nc5 12. Bc3 Qa3 13. Qc1 Qxc1+ 14. Rxc1 Re8 15. Be2 g6 16. 0-0 b6 17. d4 exd4 18. Bxd4 Nfd7 19. Rc3 a6 20. Rb1 b5 21. Bd1 Rb8 22. a3 a5 23. Rc2 Ba6 24. Be2 Rb7 25. Bc3 a4 26. Bb4 f6 27. Bf1 Kf7 28. Rd1 Rc8 29. Ne2 Ne5 30. Nd4 Nc4 31. Nxb5 Bxb5 32. Bxc4 Nd7 33. Rdc1 1-0

[Event "Philadelphia opI"]
[White "Delaune, Richard K"]
[Black "Rohde, Michael A"]
[Site "Philadelphia"]
[Round "6"]
[Result "0-1"]
[Date "1992.??.??"]
[WhiteElo "2355"]
[BlackElo "2585"]
[PlyCount "92"]
[EventDate "1992.??.??"]
[EventType "swiss"]
[EventRounds "9"]
[EventCountry "USA"]
[SourceTitle "TD"]
[Source "ChessBase"]
[SourceDate "1994.03.01"]
[SourceVersion "1"]
[SourceVersionDate "1994.03.01"]
[SourceQuality "1"]

1. c4 c5 2. Nc3 Nc6 3. Nf3 Nd4 4. Ng1 e5 5. g3 g6 6. Bg2 Bg7 7. d3 Ne7 8. e3 Ndc6 9. Nge2 0-0 10. 0-0 a6 11. f4 d6 12. Rb1 Rb8 13. a4 Bd7 14. h3 f5 15. Kh2 h6 16. Bd2 Nb4 17. Be1 Be6 18. Bf2 g5 19. Kh1 b6 20. Qd2 Qd7 21. Ng1 d5 22. cxd5 Nexd5 23. fxg5 Nxc3 24. bxc3 Nxd3 25. e4 f4 26. gxf4 Nxf4 27. Qxd7 Bxd7 28. gxh6 Bxh6 29. Rfd1 Nxg2 30. Kxg2 Bc6 31. Re1 Rf4 32. Rb2 Rxe4 33. Rxe4 Bxe4+ 34. Kf1 Bc1 35. Ra2 Bb1 36. Ra1 Bd3+ 37. Ne2 Bb2 38. Rd1 c4 39. Rd2 Bc1 40. Rd1 Bh6 41. Ke1 b5 42. a5 Rf8 43. Nc1 Bc2 44. Bc5 Rc8 45. Rd5 Bxc1 46. Rxe5 Bf4 0-1

[Event "Philadelphia opI"]
[White "Ibragimov, Ildar"]
[Black "Delaune, Richard K"]
[Site "Philadelphia"]
[Round "3"]
[Result "0-1"]
[Date "1992.??.??"]
[WhiteElo "2515"]
[BlackElo "2355"]
[PlyCount "132"]
[EventDate "1992.??.??"]
[EventType "swiss"]
[EventRounds "9"]
[EventCountry "USA"]
[SourceTitle "TD"]
[Source "ChessBase"]
[SourceDate "1994.03.01"]
[SourceVersion "1"]
[SourceVersionDate "1994.03.01"]
[SourceQuality "1"]

1. e4 c5 2. g3 Nc6 3. Bg2 g6 4. d3 Bg7 5. f4 d6 6. Nf3 Nh6 7. 0-0 f5 8. c3 0-0 9. Na3 Kh8 10. h3 Nf7 11. Be3 Rb8 12. exf5 gxf5 13. d4 b6 14. Nc2 Bd7 15. Bf2 e6 16. Re1 Ne7 17. Qd3 Qc7 18. Rad1 c4 19. Qe2 d5 20. Ne5 Nxe5 21. fxe5 Ba4 22. Be3 b5 23. Rd2 Bxc2 24. Rxc2 Qd7 25. b4 a5 26. a3 Ra8 27. Rf1 Qe8 28. h4 a4 29. Kh2 Ng8 30. g4 fxg4 31. Rxf8 Bxf8 32. Qxg4 Nh6 33. Qd1 Nf5 34. Bf4 Nxh4 35. Bh3 Qg6 36. Rf2 Be7 37. Qg4 Rg8 38. Qxg6 Rxg6 39. Bg3 Kg7 40. Rf4 Rh6 41. Rg4+ Kf7 42. Rf4+ Ke8 43. Bf2 Nf5 44. Kg2 Bg5 45. Rg4 Ne3+ 46. Bxe3 Bxe3 47. Rg8+ Kf7 48. Rb8 Bd2 49. Rxb5 Bxc3 50. Rb7+ Ke8 51. Rb6 Ke7 52. Rb7+ Kd8 53. Rb6 Kd7 54. Rb7+ Kc6 55. Re7 Bxd4 56. Bxe6 Bxe5 57. Bf5 Bd6 58. Rf7 Rh2+ 59. Kg1 c3 60. Bd7+ Kb6 61. Bxa4 c2 62. Rf1 d4 63. Bd7 d3 64. Bf5 Rd2 65. Bg4 Bh2+ 66. Kh1 Bf4 0-1